000 00205 a2200097 4500
001 1099
100 _aValkenburgh,V.
245 _aBasic industrial electricity
260 _a
_bRider
_c
090 _c663
_d663
942 _aNUST-CAE
_cM
_c33189
999 _c236172
_d236172